Moby dick /

Guardado en:
Autor Principal: Melville, Herman
Otros Autores: Simonini de Fuentes, Ángela ; ad.
Formato: Libro
Publicado: Buenos Aires : Atlántida, 2008
Edición:9a. ed.
Series:Nueva Biblioteca Billiken ; 37
Materias:
Etiquetas: Agregar Etiqueta
Sin Etiquetas, Sea el primero en etiquetar este registro!
LEADER 01141nam a22002535a 4500
001 CEM.cems013727
005 20120801184341.0
008 130507s2008##################000#0#####d
003 CEMS
020 |a 9789500835183 
082 0 4 |a 813.4 
100 1 |a Melville, Herman 
245 1 0 |a Moby dick /  |c Herman Melville ; adaptado Por ángela Simonini de Fuentes 
250 |a 9a. ed. 
260 |a Buenos Aires :  |b Atlántida,  |c 2008 
300 |a 183 p. 
490 0 |a Nueva Biblioteca Billiken ; 37 
500 |a Ilustraciones de José Maltz 
505 0 |a Inspirado en sus viajes por los mares del sur, Herman Melville creó esta novela que relata el absurdo conflicto entablando entre el capitán Acab y la gran ballena blanca que le provocó su sed de venganza el día que le arrancó la pierna. A partir de ese momento, Acab y su tripulación emprenderán una persecución que provocará la muerte de muchos inocentes hasta encontrarla 
653 |a Literatura juvenil 
653 |a Literatura estadounidense 
653 |a Novela 
700 1 |a Simonini de Fuentes, Ángela ; ad. 
859 |a CEMS  |b BIB. CEMS - 11 de abril  |h 813.4  |i M494-1  |p 26468.12  |t Ej.1